Shortest Non-name Type-ins: Pokémon - Statistics

General Stats
  • This quiz has been taken 6 times
  • The average score is 18 of 41
Answer Stats
Pokémon Length # of type-ins Answer % Correct
Bulbasaur 8 25 bulbasar | bulbaser | bulbasir | bulbasor | bulbasur | bulbesar | bulbeser | bulbesir | bulbesor | bulbesur | bulbisar | bulbiser | bulbisir | bulbisor | bulbisur | bulbosar | bulboser | bulbosir | bulbosor | bulbosur | bulbusar | bulbuser | bulbusir | bulbusor | bulbusur
100%
Caterpie 8 3 catarpee | catarpie | caterpee
100%
Charmeleon 9 10 charmalan | charmalen | charmalin | charmalon | charmalun | charmelan | charmelen | charmelin | charmelon | charmelun
100%
Eevee 4 1 evee
100%
Arbok 5 1 arboc
67%
Charizard 9 2 charazard | charezard
67%
Krabby 6 1 crabby
67%
Jynx 4 1 jinx
67%
Kangaskhan 8 12 kangacan | kangahan | kangakan | kangasan | kangecan | kangehan | kangekan | kangesan | kangican | kangihan | kangikan | kangisan
67%
Exeggcute 8 1 exegcute
33%
Exeggutor 8 2 exeguter | exegutor
33%
Persian 5 1 farsi
33%
Golem 5 2 golom | golum
33%
Graveler 8 1 gravaler
33%
Hitmonchan 10 2 hitmanchan | hitmenchan
33%
Hitmonlee 9 2 hitmanlee | hitmenlee
33%
Ivysaur 6 5 ivysar | ivyser | ivysir | ivysor | ivysur
33%
Lapras 6 4 lapres | lapris | lapros | laprus
33%
Lickitung 9 5 lickatong | lickatung | licketong | licketung | lickitong
33%
Magikarp 8 1 magicarp
33%
Magnemite 9 2 magnamite | magnimite
33%
Magneton 8 2 magnaton | magniton
33%
Mewtwo 4 1 mew2
33%
Nidoran♀ 7 1 nidoren
33%
Nidoran♂ 7 1 nidoren
33%
Onix 4 1 onyx
33%
Psyduck 6 4 pcduck | phduck | psduck | pyduck
33%
Pikachu 7 1 picachu
33%
Pidgeot 6 2 pidget | pidgot
33%
Pidgeotto 8 2 pidgetto | pidgotto
33%
Poliwag 7 2 polawag | polewag
33%
Poliwhirl 9 2 polawhirl | polewhirl
33%
Poliwrath 9 2 polawrath | polewrath
33%
Raichu 5 3 rachu | rechu | richu
33%
Raticate 8 2 ratacate | ratecate
33%
Rattata 6 1 ratata
33%
Spearow 7 1 speerow
33%
Venusaur 7 5 venusar | venuser | venusir | venusor | venusur
33%
Vulpix 6 1 vulpex
33%
Wartortle 9 2 wartirtle | warturtle
33%
Weedle 6 1 weadle
33%
No matching quizzes found
Score Distribution
Percent of People with Each Score
Percentile by Number Answered
Your Score History
You have not taken this quiz